| 000 | 00866nam a22002417a 4500 | ||
|---|---|---|---|
| 005 | 20080626104633.0 | ||
| 008 | 080618t xxu||||| |||| 00| 0 eng d | ||
| 010 | _aENG-90413 | ||
| 020 |
_c695.00 _a8131304235 |
||
| 035 | _aEN-73946 | ||
| 037 | _bDBAD / PUB | ||
| 040 |
_aDPL _bEN |
||
| 082 | _a363.706 | ||
| 100 | _aGhosh, Asish | ||
| 245 |
_aEnvironmental conservation : _cby Asish Ghosh _bchallenges & actions / |
||
| 260 |
_aNew Delhi _bAPH Publishing Corporation _c2008 |
||
| 260 |
_a _b |
||
| 270 |
_a4435-36/7, Ansri Road, Darya Ganj, _bNew Delhi _e110002 |
||
| 300 |
_a250p. _c23 cm (Hb) |
||
| 500 | _aincludes index | ||
| 942 |
_cEN _h363.706 _2ddc _mGHO |
||
| 999 |
_c14068 _d14068 |
||